| 000 | 00392nam a2200157Ia 4500 | ||
|---|---|---|---|
| 008 | 230524s9999 xx 000 0 und d | ||
| 082 |
_a818 _bFIN |
||
| 100 |
_aJ.H.Fingleton _924094 |
||
| 245 | 4 | _aThe Greatest Test of All | |
| 250 | _a1ST | ||
| 260 |
_aLONDON _bCollins (London) _c1962 |
||
| 300 | _aII;105 | ||
| 500 | _aQuantity Number: 1 | ||
| 650 |
_aMiscellaneous _91877 |
||
| 942 | _cBK | ||
| 999 |
_c35635 _d35635 |
||